00481nam a2200193Ia 4500003000400000008004100004040001600045082001700061100001900078245005200097700001600149260002000165300001000185650002600195650001300221650001200234650001900246650002200265GCL140319s9999 xx 000 0 eng d aGCL / cGCL04aCHb843bP A1 aGERON, JACQUES10aL'AMITIE DE MATHIEU ET KAZAN / cGERON, JACQUES1 aPAY, SIMONE a[S.N] : bHEMMA a125 P04aCHILDREN - LITERATURE04aCHILDREN04aFICTION04aFRENCH FICTION04aFRENCH LITERATURE